Electrotechnical journal of Japan (Record no. 60723)
[ view plain ]
| 000 -LEADER | |
|---|---|
| fixed length control field | 00344nam a22001097a 4500 |
| 008 - FIXED-LENGTH DATA ELEMENTS--GENERAL INFORMATION | |
| fixed length control field | 230913b |||||||| |||| 00| 0 eng d |
| 040 ## - CATALOGING SOURCE | |
| Original cataloging agency | National Science Library |
| Transcribing agency | National Science Library |
| 245 ## - TITLE STATEMENT | |
| Title | Electrotechnical journal of Japan |
| 260 ## - PUBLICATION, DISTRIBUTION, ETC. | |
| Place of publication, distribution, etc. | Japan: |
| Name of publisher, distributor, etc. | The Institute of Electrical Enginess of Japan |
| 310 ## - CURRENT PUBLICATION FREQUENCY | |
| Current publication frequency | Quarterly |
| 942 ## - ADDED ENTRY ELEMENTS (KOHA) | |
| Koha item type | Continuing Resources |
| Withdrawn status | Lost status | Source of classification or shelving scheme | Materials specified (bound volume or other part) | Damaged status | Not for loan | Home library | Current library | Shelving location | Date acquired | Total Checkouts | Barcode | Date last seen | Price effective from | Koha item type |
|---|---|---|---|---|---|---|---|---|---|---|---|---|---|---|
| Universal Decimal Classification | Vol. 8, 1963 | National Science Library | National Science Library | FF/Rk-57/C-13/R-5 | 31/12/1974 | 57317 | 13/09/2023 | 31/12/1974 | Continuing Resources | |||||
| Universal Decimal Classification | National Science Library | National Science Library | NSL-NIScPR | 13/09/2023 | 13/09/2023 | 13/09/2023 | Continuing Resources |